000 00630nam a2200277Ia 4500
005 20260401122450.0
008 008 250103s9999 xx 000 0 eng d
020 _a9789384082802
037 _aTB
040 _aEDL
040 _beng
040 _cEDL
041 _2eng
041 _aeng
084 _a915.90GHO
084 _qEDL
245 0 _aRabindranath Tagore in south -East Asia: Culture, connectvity and bridge making
260 _aDelhi
260 _bPrimus Books
260 _c2016
300 _a137p
942 _cTB
942 _h915.90GHO
999 _c1847453
_d1847453